| 000 | 01168nam a22003137a 4500 | ||
|---|---|---|---|
| 001 | 10135 | ||
| 003 | FISKH | ||
| 005 | 20260428101006.0 | ||
| 008 | 260423b cb ||||| |||| 00| 0 eng d | ||
| 020 | _a9780462004815 | ||
| 040 |
_aFISKH _beng _cFISKH _dFISKH |
||
| 050 | _aPZ7 | ||
| 082 | _a823 | ||
| 100 |
_aBanks, Greg _eAuthor |
||
| 245 |
_aRingo goes mountain biking / _cWritten by Greg Banks ; illustrated by Graeme Tavendale |
||
| 250 | _aFirst published 2008 | ||
| 260 |
_aLondon : _bMarsahall Cavendish Education , _c2008 |
||
| 300 |
_a16 pages : _bcolor illustrations ; _c16 X 19 cm |
||
| 490 |
_aMy pals are here! Reading star : _v6e |
||
| 505 | _aG | ||
| 520 | _aRingo goes on a mountain biking adventure. He rides over different types of ground, such as hills and rough paths. Along the way, he experiences challenges but keeps going. In the end, Ringo enjoys the ride and has fun exploring outdoors. | ||
| 521 | 8 |
_a400
_bLexile estimate |
|
| 521 | 8 |
_aG
_bRaz-Plus |
|
| 650 |
_aMountain biking _vCycling |
||
| 650 |
_aAdventure _vOutdoors |
||
| 700 |
_aTavendale, Graeme _eIllustrator |
||
| 942 |
_2ddc _cBK _n0 |
||
| 999 |
_c10135 _d10135 |
||